| 000 | 00694nam a2200193 a 4500 | ||
|---|---|---|---|
| 001 | BRCA_3495 | ||
| 005 | 20190320204316.0 | ||
| 008 | 040609s1992----mx-h---###---#000-0#spa-# | ||
| 041 | _aspa | ||
| 044 | _amx | ||
| 050 | 4 |
_aBX2280 _b.S86 1992 |
|
| 245 | 1 | 0 |
_aSumario de las indulgencias y perdones _cestudio introductorio Manuel Ramos Medina. |
| 260 |
_aMéxico _bGobierno del Estado de Puebla : Comisión Puebla V Centenario _c1992 |
||
| 300 |
_a1 v. (sin paginación) _c14 cm. |
||
| 500 | _aFacsímil de : Ciudad de los Angeles, 1642 por Pedro de Quiñones. A costa de Juan de Borja y Gadia | ||
| 650 | 1 | 4 |
_aIndulgencias _zPuebla _99093 |
| 700 | 1 |
_aRamos Medina, Manuel _99094 |
|
| 942 |
_2lcc _cB |
||
| 999 |
_c3230 _d3230 |
||